|
|
|
|
| LEADER |
00000ny a22000003n 4500 |
| 005 |
20110623122041.0 |
| 006 |
m u |
| 007 |
cr cn||||||||| |
| 008 |
200807r2007 sp |||||s|||||||||||spa d |
| 020 |
|
|
|a 9788498490718
|
| 035 |
|
|
|a 2437
|
| 040 |
|
|
|a FlNmELB
|c FlNmELB
|d vlex
|
| 050 |
1 |
4 |
|a KKT850.3
|b M843 2007eb
|
| 080 |
|
|
|a 347.51
|
| 090 |
|
|
|c 1226
|d 1226
|
| 100 |
1 |
|
|a Moreno Martn̕ez, Juan Antonio
|
| 245 |
1 |
3 |
|a La responsabilidad civil y su problemt̀ica actual
|h [Recurso electrn̤ico]
|c Coordinado por Juan Antonio Moreno Martn̕ez
|
| 256 |
|
|
|a Servicio en ln̕ea
|
| 260 |
|
|
|a Madrid :
|b Dykinson,
|c 2007
|
| 300 |
|
|
|a 8-1264 p
|
| 506 |
1 |
|
|a Contenido solo disponible en los productos indicados
|d vLex Global
|d vLex Global (Academic Edition, excluding Law Schools)
|d vLex Global (U.S. Academic Edition, Law Schools)
|d vLex Global (U.S. Academic Edition, excluding Law Schools)
|d vLex Global (Academic Edition, Law Schools)
|
| 650 |
0 |
7 |
|a Responsabilidad civil
|2 Tesauro vLex
|
| 650 |
0 |
7 |
|a Civil
|2 Tesauro vLex
|
| 650 |
0 |
7 |
|a Responsabilidad civil
|2 Tesauro vLex
|
| 740 |
0 |
|
|a vLex Libros (Servicios en ln̕ea)
|
| 856 |
4 |
0 |
|u http://vlex.com/source/2437
|z Acceso restringido
|
| 942 |
|
|
|c BOOK
|